000 00252nam a2200109Ia 4500
008 231212s1976 xx 000 0 und d
041 _aeng
082 _a621.381
100 _aGupta
245 _aElectrical Engineering
260 _aDehli
_bNew Hei
_c1976
999 _c957695
_d957695